<?xml version="1.0" encoding="UTF-8"?>
<record
    xmlns:xsi="http://www.w3.org/2001/XMLSchema-instance"
    xsi:schemaLocation="http://www.loc.gov/MARC21/slim http://www.loc.gov/standards/marcxml/schema/MARC21slim.xsd"
    xmlns="http://www.loc.gov/MARC21/slim">

  <leader>01110aaa a2200241   4500</leader>
  <controlfield tag="001">78008</controlfield>
  <controlfield tag="003">BD-RjUL</controlfield>
  <controlfield tag="005">20211209083058.0</controlfield>
  <controlfield tag="008">210302s1990    u  ||||| |||| 00| 0 ara d</controlfield>
  <datafield tag="035" ind1=" " ind2=" ">
    <subfield code="a">(BD-RjUL)78234</subfield>
  </datafield>
  <datafield tag="040" ind1=" " ind2=" ">
    <subfield code="a">BD-RjUL</subfield>
    <subfield code="b">eng</subfield>
    <subfield code="c">BD-RjUL</subfield>
  </datafield>
  <datafield tag="041" ind1=" " ind2=" ">
    <subfield code="a">ara</subfield>
  </datafield>
  <datafield tag="082" ind1=" " ind2=" ">
    <subfield code="2">23</subfield>
    <subfield code="a">297.01</subfield>
    <subfield code="b">SHM 1990</subfield>
  </datafield>
  <datafield tag="100" ind1=" " ind2=" ">
    <subfield code="a">&#x627;&#x644;&#x634;&#x647;&#x631;&#x633;&#x62A;&#x627;&#x646;&#x649;, &#x623;&#x628;&#x649; &#x627;&#x644;&#x641;&#x62A;&#x62D; &#x645;&#x62D;&#x645;&#x62F; &#x628;&#x646; &#x639;&#x628;&#x62F;&#x627;&#x644;&#x643;&#x631;&#x64A;&#x645; ;; Shahristani, Abu Al-Fath Muhammad bin Abdul-Karim </subfield>
    <subfield code="9">245462</subfield>
  </datafield>
  <datafield tag="245" ind1=" " ind2=" ">
    <subfield code="a">&#x627;&#x644;&#x645;&#x644;&#x643; &#x648;&#x627;&#x644;&#x646;&#x62D;&#x644; ;; al mulk wal nahl /</subfield>
    <subfield code="c">&#x623;&#x628;&#x649; &#x627;&#x644;&#x641;&#x62A;&#x62D; &#x645;&#x62D;&#x645;&#x62F; &#x628;&#x646; &#x639;&#x628;&#x62F;&#x627;&#x644;&#x643;&#x631;&#x64A;&#x645; &#x628;&#x646; &#x623;&#x628;&#x649; &#x628;&#x643;&#x631; &#x623;&#x62D;&#x645;&#x62F; &#x627;&#x644;&#x634;&#x647;&#x631;&#x633;&#x62A;&#x627;&#x646;&#x649; &#x61B; &#x62A;&#x62D;&#x642;&#x64A;&#x642; &#x627;&#x628;&#x64A; &#x645;&#x62D;&#x645;&#x62F; &#x645;&#x62D;&#x645;&#x62F;&#x628;&#x646; &#x641;&#x631;&#x64A;&#x62F; ;; Abi Al-Fath Muhammad bin Abdul Karim bin Abi Bakr Ahmed Al-Shahristani; Achievement of Abu Muhammad Bin Farid </subfield>
  </datafield>
  <datafield tag="260" ind1=" " ind2=" ">
    <subfield code="a">&#x627;&#x644;&#x642;&#x627;&#x647;&#x631;&#x629; :</subfield>
    <subfield code="b">&#x627;&#x644;&#x645;&#x643;&#x62A;&#x628;&#x629; &#x627;&#x644;&#x62A;&#x648;&#x641;&#x64A;&#x642;&#x64A;&#x629; ,</subfield>
    <subfield code="c">&#x661;&#x669;&#x669;&#x660;</subfield>
  </datafield>
  <datafield tag="300" ind1=" " ind2=" ">
    <subfield code="a">v. ;</subfield>
  </datafield>
  <datafield tag="500" ind1=" " ind2=" ">
    <subfield code="a">Includes Index</subfield>
  </datafield>
  <datafield tag="600" ind1=" " ind2=" ">
    <subfield code="a">Shahrast&#x101;n&#x12B;, Mu&#x1E25;ammad ibn &#x2BB;Abd al-Kar&#x12B;m, </subfield>
    <subfield code="d">1086?-1153.</subfield>
    <subfield code="9">245463</subfield>
  </datafield>
  <datafield tag="650" ind1=" " ind2=" ">
    <subfield code="a"> Milal wa-al-ni&#x1E25;al.  </subfield>
    <subfield code="9">245464</subfield>
  </datafield>
  <datafield tag="650" ind1=" " ind2=" ">
    <subfield code="a">Islamic sects. </subfield>
    <subfield code="9">245465</subfield>
  </datafield>
  <datafield tag="942" ind1=" " ind2=" ">
    <subfield code="2">ddc</subfield>
    <subfield code="c">BK</subfield>
  </datafield>
  <datafield tag="999" ind1=" " ind2=" ">
    <subfield code="c">78008</subfield>
    <subfield code="d">78008</subfield>
  </datafield>
  <datafield tag="952" ind1=" " ind2=" ">
    <subfield code="0">0</subfield>
    <subfield code="1">0</subfield>
    <subfield code="2">ddc</subfield>
    <subfield code="4">0</subfield>
    <subfield code="7">1</subfield>
    <subfield code="8">NFIC</subfield>
    <subfield code="a">RUCL</subfield>
    <subfield code="b">RUCL</subfield>
    <subfield code="c">Reading</subfield>
    <subfield code="d">2009-11-18</subfield>
    <subfield code="e">Ahsania mission ,  Dhaka</subfield>
    <subfield code="g">400.00</subfield>
    <subfield code="l">0</subfield>
    <subfield code="o">A 297.01 SHM V-1 1990</subfield>
    <subfield code="r">2021-03-02 00:00:00</subfield>
    <subfield code="t">C-1</subfield>
    <subfield code="w">2021-03-02</subfield>
    <subfield code="y">BK</subfield>
  </datafield>
</record>
